[Event "Dortmund Sparkassen op 50th"]
[Site "Dortmund"]
[Date "2023.06.24"]
[Round "1"]
[White "Baasansuren, Erdene"]
[Black "Raja, Harshit"]
[Result "0-1"]
[WhiteElo "2264"]
[BlackElo "2510"]
[PlyCount "64"]
[EventDate "2023.06.24"]
[EventType "swiss"]
[EventRounds "9"]
[EventCountry "GER"]
[SourceTitle "CBM 215 Extra"]
[Source "ChessBase"]
[SourceDate "2023.09.30"]
[SourceVersion "1"]
[SourceVersionDate "2023.09.30"]
[SourceQuality "1"]

1. d4 d5 2. c4 e6 3. Nf3 Nf6 4. g3 Be7 5. Bg2 0-0 6. 0-0 dxc4 7. Qc2 b6 8. Ne5 Qxd4 9. Bxa8 Qxe5 10. Bf3 Nd5 11. Qxc4 Ba6 12. Qe4 Qxe4 13. Bxe4 Bf6 14. Bd3 Bxd3 15. exd3 c5 16. Nd2 Nc6 17. Nc4 Rd8 18. Rd1 Ndb4 19. a4 Nxd3 20. Ra3 Ncb4 21. Kf1 Rd4 22. b3 Nc2 23. Be3 Rd5 24. a5 Nxa3 25. axb6 axb6 26. Nxa3 Nb4 27. Rb1 Rd8 28. Nc4 Nd5 29. Bd2 Ra8 30. b4 cxb4 31. Ne3 Nxe3+ 32. Bxe3 Ra1 0-1

[Event "Asian Continental op 20th"]
[Site "Almaty"]
[Date "2023.06.11"]
[Round "9"]
[White "Agmanov, Zhandos"]
[Black "Baasansuren, Erdene"]
[Result "1/2-1/2"]
[WhiteElo "2446"]
[BlackElo "2264"]
[PlyCount "75"]
[EventDate "2023.06.04"]
[EventType "swiss"]
[EventRounds "9"]
[EventCountry "KAZ"]
[SourceTitle "CBM 214 Extra"]
[Source "ChessBase"]
[SourceDate "2023.07.31"]
[SourceVersion "1"]
[SourceVersionDate "2023.07.31"]
[SourceQuality "1"]

1. e4 c5 2. Nf3 d6 3. d4 Nf6 4. Nc3 cxd4 5. Nxd4 a6 6. Be3 e5 7. Nb3 Be6 8. Qd2 Nbd7 9. f3 h5 10. Nd5 Bxd5 11. exd5 g6 12. 0-0-0 Nb6 13. Qa5 Bh6 14. Bxh6 Rxh6 15. Qd2 Rh8 16. f4 exf4 17. Qxf4 Kf8 18. Bd3 Nbxd5 19. Qg5 Qb6 20. Rhe1 h4 21. Bxg6 fxg6 22. Qxg6 Qf2 23. Rf1 Qe3+ 24. Kb1 Rh6 25. Qf5 Ne7 26. Qd7 Kg8 27. Qxd6 Nfd5 28. Qd7 Qe6 29. Qxb7 Rc8 30. Rde1 Qd6 31. Qa7 Rf6 32. Qd4 Rxf1 33. Rxf1 Qg6 34. Rf2 Qe6 35. a3 Ng6 36. Nc5 Qe5 37. Qxe5 Nxe5 38. Nxa6 1/2-1/2

[Event "Asian Continental op 20th"]
[Site "Almaty"]
[Date "2023.06.09"]
[Round "7"]
[White "Atabayev, Saparmyrat"]
[Black "Baasansuren, Erdene"]
[Result "1-0"]
[WhiteElo "2433"]
[BlackElo "2264"]
[PlyCount "79"]
[EventDate "2023.06.04"]
[EventType "swiss"]
[EventRounds "9"]
[EventCountry "KAZ"]
[SourceTitle "CBM 214 Extra"]
[Source "ChessBase"]
[SourceDate "2023.07.31"]
[SourceVersion "1"]
[SourceVersionDate "2023.07.31"]
[SourceQuality "1"]

1. e4 c5 2. Nf3 d6 3. Bb5+ Bd7 4. Bxd7+ Qxd7 5. c4 Nf6 6. Nc3 g6 7. d4 cxd4 8. Nxd4 Bg7 9. f3 Qc7 10. b3 Qa5 11. Bd2 Nc6 12. Nce2 Qb6 13. Be3 Qa5+ 14. Kf2 0-0 15. a3 Nxd4 16. Bxd4 b5 17. b4 Qa6 18. c5 dxc5 19. Bxc5 Rfd8 20. Qb1 Nd7 21. Ra2 Nxc5 22. bxc5 Rac8 23. Rc1 Bh6 24. Rc3 Bd2 25. Rd3 Ba5 26. Rxd8+ Bxd8 27. Qd3 Qc6 28. Rc2 Bb6 29. cxb6 Qxb6+ 30. Ke1 Rd8 31. Qc3 Qa6 32. Qc7 Re8 33. Qd7 Kf8 34. Rc3 Qa5 35. Kf2 Qa6 36. Qc6 Qa5 37. Rd3 b4 38. axb4 Qxb4 39. Qc3 Qb6+ 40. Qd4 1-0

[Event "Asian Continental op 20th"]
[Site "Almaty"]
[Date "2023.06.06"]
[Round "3"]
[White "Erigaisi, Arjun Kumar"]
[Black "Baasansuren, Erdene"]
[Result "1-0"]
[WhiteElo "2702"]
[BlackElo "2264"]
[PlyCount "59"]
[EventDate "2023.06.04"]
[EventType "swiss"]
[EventRounds "9"]
[EventCountry "KAZ"]
[SourceTitle "CBM 214 Extra"]
[Source "ChessBase"]
[SourceDate "2023.07.31"]
[SourceVersion "1"]
[SourceVersionDate "2023.07.31"]
[SourceQuality "1"]

1. d4 d5 2. Nf3 Nf6 3. Bf4 c5 4. e3 Nc6 5. Nbd2 Qb6 6. dxc5 Qxb2 7. Rb1 Qc3 8. Bb5 e6 9. 0-0 Be7 10. e4 0-0 11. e5 Ne8 12. Nb3 Qb4 13. Nfd4 Nxd4 14. Nxd4 Qxc5 15. Rb3 g6 16. Qd2 Ng7 17. Rfb1 a6 18. Be2 Qc7 19. h4 b5 20. Rc3 Qd7 21. Nc6 Bxh4 22. Rh3 Qxc6 23. Rxh4 f6 24. exf6 Rxf6 25. Be5 Rf7 26. Qh6 Nf5 27. Qxg6+ Kf8 28. Rxh7 Rxh7 29. Qxh7 Bd7 30. Qh8+ 1-0

[Event "Reykjavik op"]
[Site "Reykjavik"]
[Date "2023.04.03"]
[Round "8"]
[White "Baasansuren, Erdene"]
[Black "Rakotomaharo, Fy Antenaina"]
[Result "1/2-1/2"]
[WhiteElo "2232"]
[BlackElo "2448"]
[PlyCount "74"]
[EventDate "2023.03.29"]
[EventType "swiss"]
[EventRounds "9"]
[EventCountry "ISL"]
[SourceTitle "CBM 213 Extra"]
[Source "ChessBase"]
[SourceDate "2023.05.31"]
[SourceVersion "1"]
[SourceVersionDate "2023.05.31"]
[SourceQuality "1"]

1. d4 Nf6 2. c4 e6 3. g3 d5 4. Nf3 Be7 5. Bg2 0-0 6. 0-0 a5 7. Qc2 Nc6 8. a3 Re8 9. Rd1 a4 10. cxd5 exd5 11. Nc3 g6 12. Ne5 Bf5 13. e4 dxe4 14. Be3 Nd5 15. Nxd5 Qxd5 16. g4 Bc8 17. Nxc6 Qxc6 18. Qxc6 bxc6 19. Bxe4 Bxg4 20. Bxc6 Bxd1 21. Rxd1 Bd6 22. Rc1 f5 23. d5 Be5 24. Bxe8 Rxe8 25. Rc4 Ra8 26. Bd4 Bd6 27. Bc5 Be5 28. Bd4 Bd6 29. Bc5 Ra5 30. Bb4 Bxb4 31. Rxb4 Kf8 32. Rb7 Rc5 33. Rb4 Ke7 34. Rxa4 Rxd5 35. Kg2 Rd3 36. Ra7 Kd7 37. b4 Rb3 1/2-1/2

[Event "Reykjavik op"]
[Site "Reykjavik"]
[Date "2023.04.01"]
[Round "6"]
[White "Eliasson, Kristjan Orn"]
[Black "Baasansuren, Erdene"]
[Result "0-1"]
[WhiteElo "1737"]
[BlackElo "2232"]
[PlyCount "66"]
[EventDate "2023.03.29"]
[EventType "swiss"]
[EventRounds "9"]
[EventCountry "ISL"]
[SourceTitle "CBM 213 Extra"]
[Source "ChessBase"]
[SourceDate "2023.05.31"]
[SourceVersion "1"]
[SourceVersionDate "2023.05.31"]
[SourceQuality "1"]

1. e4 c5 2. Nf3 d6 3. Nc3 Nf6 4. d4 cxd4 5. Nxd4 a6 6. Be2 e5 7. Nf3 Be7 8. Bg5 Be6 9. h3 Nbd7 10. 0-0 h6 11. Be3 0-0 12. Nh2 Rc8 13. Bf3 b5 14. Ne2 Nc5 15. Ng3 d5 16. exd5 Nxd5 17. Bd2 f5 18. Ba5 Qd7 19. Bxd5 Bxd5 20. Bc3 f4 21. Nh1 Qe6 22. f3 Na4 23. Re1 Bc5+ 24. Nf2 Bxf2+ 25. Kxf2 Qb6+ 26. Kf1 Bc4+ 27. Re2 Nxc3 28. bxc3 Rfd8 29. Qe1 h5 30. Qf2 Qxf2+ 31. Kxf2 Bxe2 32. Kxe2 Rxc3 33. Rc1 Re3+ 0-1

[Event "Reykjavik op"]
[Site "Reykjavik"]
[Date "2023.03.30"]
[Round "3"]
[White "Baasansuren, Erdene"]
[Black "Alashtar, Asef"]
[Result "1-0"]
[WhiteElo "2232"]
[BlackElo "2007"]
[PlyCount "55"]
[EventDate "2023.03.29"]
[EventType "swiss"]
[EventRounds "9"]
[EventCountry "ISL"]
[SourceTitle "CBM 213 Extra"]
[Source "ChessBase"]
[SourceDate "2023.05.31"]
[SourceVersion "1"]
[SourceVersionDate "2023.05.31"]
[SourceQuality "1"]

1. d4 d5 2. c4 e6 3. Nf3 c6 4. Nbd2 f5 5. g3 Nf6 6. Bg2 Nbd7 7. 0-0 Bd6 8. Qc2 Ne4 9. Ne1 Qf6 10. e3 h5 11. Nxe4 dxe4 12. f3 exf3 13. Nxf3 Be7 14. e4 Qg6 15. exf5 exf5 16. Re1 Kd8 17. Bf4 h4 18. Rxe7 Kxe7 19. Nxh4 Rxh4 20. gxh4 Nf8 21. d5 Bd7 22. Qb3 b6 23. c5 cxd5 24. Qxd5 Rc8 25. Re1+ Ne6 26. Qd6+ Ke8 27. h5 Qf6 28. c6 1-0

[Event "Saint Louis 1000 IM 01"]
[Site "Saint Louis"]
[Date "2023.01.29"]
[Round "8.4"]
[White "Baasansuren, Erdene"]
[Black "Yanayt, Eugene"]
[Result "1-0"]
[WhiteElo "2247"]
[BlackElo "1958"]
[PlyCount "53"]
[EventDate "2023.01.25"]
[EventType "schev"]
[EventRounds "9"]
[EventCountry "USA"]
[SourceTitle "CBM 212 Extra"]
[Source "ChessBase"]
[SourceDate "2023.03.31"]
[SourceVersion "1"]
[SourceVersionDate "2023.03.31"]
[SourceQuality "1"]
[WhiteTeam "Team A"]
[BlackTeam "Team C"]
[WhiteTeamCountry "USA"]
[BlackTeamCountry "USA"]

1. d4 Nf6 2. c4 g6 3. Nc3 Bg7 4. e4 d6 5. Nf3 0-0 6. Be2 e5 7. 0-0 Nc6 8. d5 Ne7 9. b4 Ne8 10. c5 f5 11. Nd2 Nf6 12. a4 f4 13. Nc4 g5 14. Nb5 Nxe4 15. f3 Nf6 16. Nxc7 Qxc7 17. cxd6 Qd8 18. dxe7 Qxe7 19. Bb2 e4 20. d6 Qe8 21. fxe4 Qxe4 22. Re1 Qf5 23. Bd3 Qg4 24. Re7 Rd8 25. Ne5 Qxd1+ 26. Rxd1 h6 27. d7 1-0

[Event "Belgrade Gligoric Memorial"]
[Site "Belgrade"]
[Date "2022.07.19"]
[Round "4"]
[White "Lu, Miaoyi"]
[Black "Baasansuren, Erdene"]
[Result "0-1"]
[WhiteElo "2322"]
[BlackElo "2243"]
[PlyCount "80"]
[EventDate "2022.07.17"]
[EventType "swiss"]
[EventRounds "9"]
[EventCountry "SRB"]
[SourceTitle "CBM 209 Extra"]
[Source "ChessBase"]
[SourceDate "2022.09.30"]
[SourceVersion "1"]
[SourceVersionDate "2022.09.30"]
[SourceQuality "1"]

1. e4 c5 2. Nf3 d6 3. d4 cxd4 4. Nxd4 Nf6 5. Nc3 a6 6. Bg5 e6 7. Qf3 Be7 8. 0-0-0 Nbd7 9. g4 h6 10. Bd2 Qb6 11. Be3 Ne5 12. Qg3 Nexg4 13. Nxe6 Nxe3 14. Nxg7+ Kf8 15. fxe3 Rg8 16. Rg1 Bg4 17. h3 Rxg7 18. hxg4 Rxg4 19. Qf2 Nxe4 20. Nxe4 Rxe4 21. Rd4 Bh4 22. Rg8+ Kxg8 23. Qg1+ Bg5 24. Rxe4 d5 25. Rg4 Kf8 26. Rg3 d4 27. Kb1 dxe3 28. Bc4 Rd8 29. a3 Bf6 30. Bb3 Qd4 31. c3 Qb6 32. Ka2 Bg5 33. Qf1 Rd7 34. Rf3 Qg6 35. Qh3 Re7 36. Qf1 e2 37. Qe1 Bh4 38. Qxh4 e1Q 39. Rxf7+ Qxf7 40. Qxh6+ Qg7 0-1

[Event "Novi Sad Serbia op-A"]
[Site "Novi Sad"]
[Date "2022.07.03"]
[Round "6"]
[White "Baasansuren, Erdene"]
[Black "Sammed Jaykumar, Shete"]
[Result "1-0"]
[WhiteElo "2243"]
[BlackElo "2400"]
[PlyCount "79"]
[EventDate "2022.06.28"]
[EventType "swiss"]
[EventRounds "9"]
[EventCountry "SRB"]
[SourceTitle "EXT 2023"]
[Source "ChessBase"]
[SourceDate "2022.10.05"]
[SourceVersion "1"]
[SourceVersionDate "2022.10.05"]
[SourceQuality "1"]

1. d4 Nf6 2. c4 e6 3. g3 c5 4. Nf3 cxd4 5. Nxd4 Qc7 6. Nc3 a6 7. Qd3 Nc6 8. Nxc6 Qxc6 9. e4 Bc5 10. Bg2 Ng4 11. 0-0 Ne5 12. Qe2 Ba7 13. b3 b5 14. Ba3 bxc4 15. Rac1 Bb7 16. Na4 Qb5 17. Qd1 f6 18. bxc4 Qc6 19. Kh1 h5 20. h3 g5 21. c5 h4 22. f4 gxf4 23. gxf4 Nf7 24. Bf3 Rg8 25. e5 Rg3 26. Rc3 Rxh3+ 27. Kg1 Qc7 28. Bxb7 Rxc3 29. Nxc3 Qxb7 30. Qh5 Qc6 31. exf6 Rc8 32. Kh2 Bxc5 33. Bxc5 Qxc5 34. Rg1 Qf8 35. Ne4 Rc2+ 36. Kh1 d6 37. Qh7 Nh6 38. Rb1 Rc8 39. Rb7 Rc1+ 40. Kh2 1-0

[Event "Asian Hybrid"]
[Site "Tornelo INT"]
[Date "2021.05.29"]
[Round "9"]
[White "Agibileg, Uurtsaikh"]
[Black "Baasansuren, Erdene"]
[Result "1/2-1/2"]
[WhiteElo "2413"]
[BlackElo "2229"]
[PlyCount "115"]
[EventDate "2021.05.21"]
[EventType "swiss"]
[EventRounds "9"]
[EventCountry "NET"]
[SourceTitle "CBM 202 Extra"]
[Source "ChessBase"]
[SourceDate "2021.07.31"]
[SourceVersion "1"]
[SourceVersionDate "2021.07.31"]
[SourceQuality "1"]

1. d4 d5 2. c4 e6 3. Nc3 Nf6 4. cxd5 exd5 5. Bg5 c6 6. Qc2 Be7 7. e3 Nbd7 8. Bd3 h6 9. Bh4 Nh5 10. Bxe7 Qxe7 11. Nge2 Nb6 12. 0-0-0 Bd7 13. Kb1 0-0-0 14. Nc1 Kb8 15. Nb3 Bc8 16. Rc1 Nf6 17. Nc5 Nfd7 18. N3a4 Nxa4 19. Nxa4 g6 20. Qb3 Qf6 21. Rc2 b6 22. Nc5 Nxc5 23. dxc5 b5 24. a4 a6 25. axb5 axb5 26. e4 Ba6 27. Qa3 dxe4 28. Bxe4 Bb7 29. Qg3+ Kc8 30. Re1 Rhe8 31. Rce2 Re6 32. Bc2 Rxe2 33. Rxe2 h5 34. h4 b4 35. Re4 Rd4 36. Qg5 Qxg5 37. hxg5 Rd2 38. Rf4 Rd5 39. Rxf7 Rxg5 40. g3 Ba6 41. b3 Rxc5 42. Bxg6 Rc3 43. Bf5+ Kb8 44. Kb2 Bd3 45. Bxd3 Rxd3 46. Rf5 Kc7 47. Kc2 Rc3+ 48. Kb2 Rd3 49. Rxh5 Rd2+ 50. Kc1 Rxf2 51. g4 Rg2 52. Rg5 Kb6 53. Kb1 Rg3 54. Kc2 Rc3+ 55. Kb2 Rg3 56. Kc2 Rc3+ 57. Kb2 Rg3 58. Kc2 1/2-1/2

[Event "Eastern Asia-ch zt 3.3"]
[Site "Ulaanbaatar"]
[Date "2019.04.10"]
[Round "4"]
[White "Baasansuren, Erdene"]
[Black "Batchuluun, Tsegmed"]
[Result "1/2-1/2"]
[WhiteElo "2199"]
[BlackElo "2547"]
[PlyCount "107"]
[EventDate "2019.04.07"]
[EventType "swiss"]
[EventRounds "9"]
[EventCountry "MGL"]
[SourceTitle "CBM 189 Extra"]
[Source "ChessBase"]
[SourceDate "2019.06.03"]
[SourceVersion "1"]
[SourceVersionDate "2019.06.03"]
[SourceQuality "1"]

1. Nf3 Nf6 2. c4 e6 3. b3 d5 4. Bb2 c5 5. e3 Nc6 6. g3 d4 7. exd4 cxd4 8. Bg2 e5 9. 0-0 Bd6 10. Re1 0-0 11. d3 Re8 12. a3 a5 13. Nbd2 Bf5 14. Qc2 h6 15. c5 Bf8 16. Nc4 Nd7 17. Nh4 Bh7 18. Bxc6 bxc6 19. b4 axb4 20. axb4 Rxa1 21. Bxa1 Qb8 22. Qd2 f6 23. f4 exf4 24. Rxe8 Qxe8 25. gxf4 Qh5 26. Ng2 Qd5 27. Ne1 g5 28. Qf2 Bxd3 29. Nxd3 Qxc4 30. Qxd4 Qe6 31. Nf2 Kf7 32. Kg2 f5 33. fxg5 hxg5 34. Nd3 Ke8 35. Kf2 Ke7 36. Qe3 Qxe3+ 37. Kxe3 Ke6 38. Ne1 Kd5 39. Kd3 g4 40. Ng2 Ne5+ 41. Bxe5 Kxe5 42. Ne3 Be7 43. Nc2 f4 44. Nd4 Kd5 45. b5 cxb5 46. c6 Bd8 47. Nxb5 Kxc6 48. Ke4 Bg5 49. Nd4+ Kd7 50. Ne2 f3 51. Ng3 Ke6 52. h3 Bh4 53. hxg4 Bxg3 54. Kxf3 1/2-1/2

[Event "Asia-ch U20"]
[Site "Ulaanbaatar"]
[Date "2018.08.23"]
[Round "7"]
[White "Baasansuren, Erdene"]
[Black "Ganerdene, Sugar"]
[Result "0-1"]
[WhiteElo "2240"]
[BlackElo "2309"]
[PlyCount "102"]
[EventDate "2018.08.19"]
[EventType "swiss"]
[EventRounds "9"]
[EventCountry "MGL"]
[SourceTitle "CBM 186 Extra"]
[Source "ChessBase"]
[SourceDate "2018.08.24"]
[SourceVersion "1"]
[SourceVersionDate "2018.08.24"]
[SourceQuality "1"]

1. d4 Nf6 2. c4 g6 3. Nc3 Bg7 4. Nf3 0-0 5. g3 d6 6. Bg2 Nc6 7. 0-0 Bf5 8. d5 Na5 9. Nd2 c5 10. e4 Bd7 11. Rb1 a6 12. Qc2 b5 13. b3 Rb8 14. Bb2 e6 15. dxe6 Bxe6 16. Nd5 Nc6 17. Rbd1 Bg4 18. f3 Bd7 19. f4 Nd4 20. Bxd4 cxd4 21. h3 Nxd5 22. exd5 Bf5 23. Ne4 bxc4 24. bxc4 Qa5 25. Kh2 Bxe4 26. Bxe4 d3 27. Qxd3 Rb2+ 28. Kg1 Qc5+ 29. Kh1 Rxa2 30. Rb1 Rc8 31. f5 Ra3 32. Rb3 Rxb3 33. Qxb3 Qxc4 34. Qf3 a5 35. h4 Qc3 36. Qg4 Rc4 37. fxg6 hxg6 38. h5 Qe3 39. Rf4 Rc1+ 40. Kg2 Qg1+ 41. Kh3 Rc2 42. Qg5 Rh2+ 43. Kg4 f5+ 44. Rxf5 gxf5+ 45. Qxf5 Qd1+ 46. Bf3 Qd4+ 47. Be4 Qe5 48. Qc8+ Bf8 49. Bf5 Qe2+ 50. Kf4 Rf2+ 51. Kg5 Qe5 0-1

[Event "Asia-ch U20 rapid"]
[Site "Ulaanbaatar"]
[Date "2018.08.18"]
[Round "3"]
[White "Amilal, Munkhdalai"]
[Black "Baasansuren, Erdene"]
[Result "1-0"]
[WhiteElo "1750"]
[BlackElo "2096"]
[PlyCount "113"]
[EventDate "2018.08.18"]
[EventType "swiss (rapid)"]
[EventRounds "9"]
[EventCountry "MGL"]
[SourceTitle "CBM 186 Extra"]
[Source "ChessBase"]
[SourceDate "2018.08.24"]
[SourceVersion "1"]
[SourceVersionDate "2018.08.24"]
[SourceQuality "1"]

1. d4 Nf6 2. Nf3 g6 3. Bf4 Bg7 4. e3 d6 5. h3 0-0 6. Be2 Nbd7 7. 0-0 b6 8. c4 Bb7 9. Nc3 Re8 10. d5 e5 11. Bh2 a5 12. a3 Nc5 13. b4 Nce4 14. Nxe4 Nxe4 15. Qc2 f5 16. Nd2 Nxd2 17. Qxd2 e4 18. Ra2 axb4 19. axb4 Rxa2 20. Qxa2 Qa8 21. Qb3 Qa6 22. Re1 Qa7 23. c5 bxc5 24. bxc5 Qa5 25. Rb1 Ba6 26. Bxa6 Qxa6 27. Qb5 Qxb5 28. Rxb5 Be5 29. c6 Bxh2+ 30. Kxh2 Kf7 31. Rb7 Re7 32. Rb8 Kf6 33. Rd8 h5 34. h4 Re5 35. Rf8+ Ke7 36. Rc8 Rxd5 37. Rxc7+ Kf6 38. Rd7 Ke6 39. Rg7 Kf6 40. Rd7 Ke6 41. Rg7 Kf6 42. Rh7 Rc5 43. c7 g5 44. Rh6+ Ke5 45. hxg5 Rxc7 46. Rxh5 Rg7 47. Kg3 d5 48. f4+ exf3 49. gxf3 Rg6 50. f4+ Ke4 51. Rh6 Rg7 52. Re6+ Kd3 53. Re5 Rf7 54. Kf3 Kc4 55. Re6 d4 56. exd4 Kxd4 57. Rf6 1-0